00274 a2200121 4500001000700000020001800007040001100025100001800036240004300054245003800097300000800135362000900143187676 a85-305-0190-X cMagnum aGaldino, Luiz10aOs cavaleiros da távola redondalpor10aOs cavaleiros da távola redonda a1110 a1999